Statistics for Croatian Footballers Overseas -- Which Countries?

Click here to take the quiz!

General Stats

  • This quiz has been taken 86 times
  • The average score is 14 of 20

Answer Stats

RankNo. of PlayersAnswer% Correct
1710Spain
100%
1797Germany
99%
662Italy
90%
2536Austria
89%
1212England
88%
581Bosnia and Herzegovina
83%
1710Russia
83%
4116Slovenia
78%
1511United States of America
76%
723Poland
74%
3127Switzerland
74%
1212Greece
72%
1013Hungary
69%
1710Sweden
65%
914Slovakia
63%
1212Norway
61%
1511Romania
57%
817Canada
49%
1013Cyprus
28%
1710Iceland
22%

Score Distribution

Percentile by Number Answered

Percent of People with Each Score

Your Score History

You have not taken this quiz